01516cam a22004334i 4500003000900000005001700009008004100026020001500067035002700082040003300109082001900142100002900161245011300190264004900303300006700352336002100419337002500440338002300465504002800488505038100516526001000897526001000907526000900917526000900926526000900935526000900944526000900953526000900962526000800971526000800979526000800987526000800995526000801003526000801011526000801019526000801027650002401035650002301059PE-LiUPU20250731180124.0150623s r 000 0 d a0895262762 a(Sirsi) i9780895262769 aPE-LiUPUbspacPE-LiUPUerda04a573.2bW442211 aWells, Jonathan,eautor.10aIcons of evolution :bscience or myth? why much of what we teach about evolution is wrong /cJonathan Wells. 1aWashington, DC :bRegnery Publishing,c2000. a338 páginas :bilustraciones, gráficos ;c24 centímetros atext2rdacontent aunmediated2rdamedia avolume2rdacarrier aIncluye bibliografía.0 aThe miller-Urey experiment Darwin's tree of life. Homolgy in vertebrate limbs. Haeckel's embryos. Archaeopteryx-The missing link. Peppered moths. Darwin's finches. Four-winged fruit flies. Fossil horses and directed evolution. From ape to human: The ultimate lcon. Science or myth?. An evaluation of ten recent biology texbooks. Suggested warning labels for biology textbooks. aSEG44 aSEG26 aP159 aP155 aP154 aP153 aP150 aP100 aP31 aP30 aP26 aP25 aP24 aP22 aP15 aP1004aEvolución humana.04aOrigen del hombre.